[Event "SR 4. liga A21 2016/2017"]
[Site "?"]
[Date "2016.10.23"]
[Round "2.4"]
[White "Miciak, Emanuel"]
[Black "Krchnak, Rudolf"]
[Result "1-0"]
[WhiteElo "1838"]
[BlackElo "1724"]
[PlyCount "91"]
[EventDate "2016.??.??"]

1. d4 Nf6 2. c4 c5 3. d5 d6 4. Nc3 e6 5. e4 exd5 6. exd5 g6 7. Nf3 Qe7+ 8. Be2
Bg7 9. O-O O-O 10. Re1 a6 11. Bg5 Re8 12. Qd2 Qf8 13. Bd3 Bg4 14. Rxe8 Qxe8 15.
Qf4 Bxf3 16. Bxf6 Bxf6 17. Qxf6 Bg4 18. h3 Bc8 19. Qxd6 Nd7 20. b3 Qe5 21. Qxe5
Nxe5 22. Bc2 f5 23. Re1 Nd7 24. f3 Kf8 25. g4 fxg4 26. fxg4 b5 27. Kf2 bxc4 28.
bxc4 Rb8 29. Rb1 Rxb1 30. Nxb1 Ne5 31. Nd2 a5 32. Ke3 Ba6 33. Bd3 Kf7 34. Be2
g5 35. Kf2 h6 36. Ke1 a4 37. Kd1 Ke7 38. Kc2 Ng6 39. Bf1 Nf4 40. Kb2 Bc8 41.
Ne4 Nxh3 42. Bxh3 h5 43. Nxg5 hxg4 44. Bg2 Kf6 45. Ne4+ Ke5 46. Kc3 1-0

[Event "SR 4. liga A21 2016/2017"]
[Site "?"]
[Date "2016.10.23"]
[Round "2.4"]
[White "Jancovicova, Petra"]
[Black "Smrek, Peter"]
[Result "1/2-1/2"]
[WhiteElo "1636"]
[BlackElo "1797"]
[PlyCount "58"]
[EventDate "2016.??.??"]

1. e4 c5 2. Nf3 Nc6 3. d4 cxd4 4. Nxd4 d6 5. Nc3 a6 6. Be2 Nf6 7. O-O e5 8. Nf3
h6 9. Be3 Be6 10. Qd2 d5 11. exd5 Nxd5 12. Nxd5 Qxd5 13. Qxd5 Bxd5 14. Rfd1
O-O-O 15. c4 Be6 16. Rxd8+ Kxd8 17. Bb6+ Kc8 18. Rd1 Be7 19. a3 g5 20. b4 g4
21. Ne1 Bd8 22. Bxd8 Rxd8 23. Rxd8+ Kxd8 24. Nc2 Kd7 25. c5 f5 26. g3 Bb3 27.
Ne3 Ke6 28. Bd3 e4 29. Bc4+ Bxc4 1/2-1/2

[Event "SR 4. liga A21 2016/2017"]
[Site "?"]
[Date "2016.10.23"]
[Round "2.4"]
[White "Bjel, Jan"]
[Black "Keller, Jozef"]
[Result "1-0"]
[WhiteElo "1809"]
[BlackElo "1597"]
[PlyCount "35"]
[EventDate "2016.??.??"]

1. e4 d6 2. d4 Nf6 3. Nc3 g6 4. Bg5 Bg7 5. Qd2 c5 6. dxc5 Qa5 7. cxd6 exd6 8.
O-O-O O-O 9. h4 Nxe4 10. Nxe4 Qxa2 11. Qb4 Bf5 12. Nf6+ Bxf6 13. Bxf6 Nc6 14.
Qf4 Rac8 15. Qh6 Qa1+ 16. Kd2 Qa5+ 17. c3 Qd5+ 18. Kc1 1-0

[Event "SR 4. liga A21 2016/2017"]
[Site "?"]
[Date "2016.10.23"]
[Round "2.5"]
[White "Ganzova, Veronika"]
[Black "Nemeckay, Rastislav"]
[Result "0-1"]
[WhiteElo "1679"]
[BlackElo "2024"]
[PlyCount "94"]
[EventDate "2016.??.??"]

1. e4 d6 2. d4 Nf6 3. Nc3 Nbd7 4. Nf3 e5 5. Bc4 Be7 6. O-O O-O 7. Re1 c6 8. a4
Qc7 9. Bg5 Nb6 10. Bb3 Bg4 11. dxe5 dxe5 12. Re3 Rad8 13. Rd3 h6 14. Bh4 Nh5
15. Bxe7 Qxe7 16. Rxd8 Rxd8 17. Qe2 Qf6 18. Rd1 Rxd1+ 19. Nxd1 Bxf3 20. Qxf3
Qxf3 21. gxf3 Nf4 22. c3 Kf8 23. a5 Nd7 24. Bc4 Ke7 25. Ne3 g6 26. Nc2 f6 27.
Nb4 Kd6 28. Nd3 Nxd3 29. Bxd3 Nc5 30. Bc2 Ne6 31. Kf1 c5 32. Bb3 Nd8 33. Bc4
Nc6 34. a6 b6 35. Ke2 Nd8 36. Ke3 g5 37. Ke2 Ne6 38. Ke3 Nc7 39. b4 cxb4 40.
cxb4 b5 41. Be2 Nxa6 42. Bxb5 Nxb4 43. Ke2 Kc5 44. Ba4 Kd4 45. Kf1 Nd3 46. Kg2
Nf4+ 47. Kg3 h5 0-1

[Event "SR 4. liga A21 2016/2017"]
[Site "?"]
[Date "2016.10.23"]
[Round "2.5"]
[White "Klimes, Karel"]
[Black "Sottnik, Filip"]
[Result "0-1"]
[WhiteElo "1637"]
[BlackElo "1672"]
[PlyCount "84"]
[EventDate "2016.??.??"]

1. e4 e5 2. Nf3 Nc6 3. Bc4 Bc5 4. c3 Nf6 5. d3 h6 6. O-O d6 7. Nbd2 a6 8. a4
O-O 9. Qc2 Ng4 10. Nb3 Ba7 11. d4 Kh8 12. h3 Nf6 13. Rd1 Qe7 14. d5 Nd8 15. Qe2
Nh5 16. Nh2 Qh4 17. Nf3 Qe7 18. Be3 Bxe3 19. fxe3 Ng3 20. Qc2 f5 21. Bd3 f4 22.
exf4 Rxf4 23. Kh2 Nh5 24. Rf1 Nf7 25. g3 Rxf3 26. Rxf3 Ng5 27. Re3 Bxh3 28. Be2
Nf6 29. Bf3 Rf8 30. Nd2 Qe8 31. Kg1 Qg6 32. Bg2 Qh5 33. Bf3 Bg4 34. Bg2 Bh3 35.
Bf3 Bg4 36. Rf1 Nh3+ 37. Kg2 Ng5 38. Rh1 Qg6 39. Bxg4 Nxg4 40. Re2 Rf2+ 41. Kg1
Rxe2 42. Qd3 Rxd2 0-1

[Event "SR 4. liga A21 2016/2017"]
[Site "?"]
[Date "2016.10.23"]
[Round "2.5"]
[White "Lackovic, Marek"]
[Black "Valigursky, Michal"]
[Result "1-0"]
[WhiteElo "1671"]
[BlackElo "1602"]
[PlyCount "55"]
[EventDate "2016.??.??"]

1. e4 e5 2. Nf3 Nc6 3. Bc4 Nf6 4. Ng5 d5 5. exd5 Na5 6. Bb5+ c6 7. dxc6 bxc6 8.
Be2 h6 9. Nf3 e4 10. Ne5 Qd5 11. f4 Bc5 12. c3 Bb6 13. d4 O-O 14. Be3 Nb7 15.
Nd2 Rd8 16. Bc4 Qd6 17. Nxf7 Qe7 18. Nxd8+ Kh7 19. Nxc6 Qc7 20. Ne5 Nd6 21. Qe2
a5 22. h3 Bb7 23. g4 Rf8 24. g5 Ng8 25. Qh5 Nf5 26. g6+ Kh8 27. Nf7+ Rxf7 28.
gxf7 1-0

[Event "SR 4. liga A21 2016/2017"]
[Site "?"]
[Date "2016.10.23"]
[Round "2.5"]
[White "Wallner, Juraj"]
[Black "Dzurjaninova, Hana"]
[Result "1-0"]
[WhiteElo "1541"]
[BlackElo "1659"]
[PlyCount "73"]
[EventDate "2016.??.??"]

1. e4 e6 2. Nf3 c5 3. d4 d5 4. exd5 exd5 5. dxc5 Bxc5 6. Bd3 Nf6 7. O-O O-O 8.
Bg5 Bg4 9. h3 Bh5 10. Be2 d4 11. Nbd2 Nc6 12. Nb3 Bb6 13. Nfxd4 Nxd4 14. Bxh5
Nxb3 15. axb3 Qxd1 16. Bxd1 Ne4 17. Bf4 Rac8 18. c3 Rcd8 19. Bf3 Nxf2 20. Rxf2
Rd7 21. Kf1 Bxf2 22. Kxf2 b6 23. Be3 Rfd8 24. Bd4 Re7 25. Re1 Rxe1 26. Kxe1 Rd6
27. Kd2 f5 28. Kd3 b5 29. c4 bxc4+ 30. bxc4 Rd8 31. Bd5+ Kf8 32. Bxa7 Ke7 33.
Bc5+ Kd7 34. b4 g5 35. b5 h5 36. b6 Kc8 37. Be7 1-0

[Event "SR 4. liga A21 2016/2017"]
[Site "?"]
[Date "2016.10.23"]
[Round "2.5"]
[White "Ganz, Marek"]
[Black "Klimes, Juraj"]
[Result "0-1"]
[WhiteElo "1511"]
[BlackElo "1547"]
[PlyCount "138"]
[EventDate "2016.??.??"]

1. e4 e5 2. Nf3 Nc6 3. Bc4 Nf6 4. Nc3 d6 5. h3 Be7 6. d3 Be6 7. Bxe6 fxe6 8.
O-O O-O 9. Re1 Nd4 10. Bd2 Qd7 11. Kh1 Rad8 12. Re3 Nh5 13. Rc1 Rf7 14. Be1
Rdf8 15. Nd2 Nf4 16. Rg3 Bh4 17. Re3 Ng6 18. Ne2 Bxf2 19. Bxf2 Rxf2 20. Nxd4
exd4 21. Rg3 e5 22. Nf3 Nf4 23. Ng1 Qf7 24. b3 Nh5 25. Rg5 Nf4 26. Qe1 Qf6 27.
Rf5 Qh4 28. Nf3 Qg3 29. Rg5 Nxg2 30. Rxg3 Nxe1 31. Nxe1 Rf1+ 32. Rg1 R1f2 33.
h4 R8f4 34. Ng2 R4f3 35. Kh2 Rd2 36. h5 Rff2 37. Kg3 Rxc2 38. Rxc2 Rxc2 39. Ra1
Rd2 40. Ne1 c5 41. Kg4 Kf7 42. Kg5 h6+ 43. Kf5 Rf2+ 44. Kg4 g5 45. hxg6+ Kxg6
46. Nf3 b5 47. Nh4+ Kf6 48. Kh5 Rd2 49. Rf1+ Ke6 50. Rg1 Rxd3 51. Rg7 Re3 52.
Rg4 d3 53. Nf5 Rh3+ 54. Kg6 c4 55. bxc4 bxc4 56. Rg2 c3 57. Rf2 c2 58. Ng7+ Kd7
59. Rf7+ Kc6 60. Ne6 d2 61. Rc7+ Kb6 62. Rxc2 d1=Q 63. Rb2+ Ka5 64. Kf6 Qf3+
65. Ke7 Qxe4 66. Kd7 Rc3 67. Rb1 Qh7+ 68. Ke8 Rc8+ 69. Nd8 Rxd8+ 0-1

[Event "SR 4. liga A21 2016/2017"]
[Site "?"]
[Date "2016.10.23"]
[Round "2.6"]
[White "Valla, Tomas"]
[Black "Zlamal, Marek"]
[Result "1-0"]
[WhiteElo "1838"]
[BlackElo "1766"]
[PlyCount "121"]
[EventDate "2016.??.??"]

1. e4 c5 2. c3 e6 3. d4 d5 4. e5 Nc6 5. Nf3 f5 6. exf6 Nxf6 7. Bd3 cxd4 8. cxd4
Bb4+ 9. Nc3 O-O 10. O-O Ne7 11. Ne5 Nf5 12. a3 Bd6 13. Bxf5 exf5 14. Bg5 Be7
15. Re1 Re8 16. Bxf6 Bxf6 17. f4 Bxe5 18. fxe5 a6 19. Rc1 b5 20. b4 Be6 21. Ne2
Qg5 22. Qd3 Bf7 23. Rf1 Bg6 24. Nf4 Rac8 25. Rc5 Rxc5 26. bxc5 Bf7 27. g3 g6
28. c6 Qe7 29. Rc1 g5 30. Ng2 Be6 31. Rc5 Qf7 32. Qf3 f4 33. gxf4 gxf4 34. Qxf4
Qh5 35. Rc1 Rf8 36. Qg3+ Kh8 37. Qh4 Qxh4 38. Nxh4 Rf4 39. c7 Rxh4 40. c8=Q+
Bxc8 41. Rxc8+ Kg7 42. Rc7+ Kg6 43. Rc6+ Kf5 44. Rf6+ Ke4 45. e6 Rg4+ 46. Kf2
Kxd4 47. Kf3 Re4 48. Kf2 h5 49. Kf3 a5 50. Rf4 Kd3 51. Rxe4 dxe4+ 52. Kf2 b4
53. axb4 axb4 54. e7 b3 55. e8=Q h4 56. Qb5+ Kc2 57. Qc4+ Kb1 58. Qxb3+ Kc1 59.
Qe3+ Kd1 60. Qxe4 Kc1 61. Qe2 1-0

[Event "SR 4. liga A21 2016/2017"]
[Site "?"]
[Date "2016.10.23"]
[Round "2.6"]
[White "Vach, Jozef"]
[Black "Bilovsky, Milan"]
[Result "1/2-1/2"]
[WhiteElo "1706"]
[BlackElo "1940"]
[PlyCount "33"]
[EventDate "2016.??.??"]

1. d4 d5 2. Nf3 Nf6 3. Bg5 e6 4. g3 c5 5. Bg2 Nc6 6. e3 Be7 7. O-O O-O 8. c3 b6
9. Ne5 Bb7 10. Nd2 cxd4 11. Nxc6 Bxc6 12. exd4 Nd7 13. Bxe7 Qxe7 14. f4 g6 15.
Re1 Qd6 16. Nf3 Rae8 17. Ne5 1/2-1/2

[Event "SR 4. liga A21 2016/2017"]
[Site "?"]
[Date "2016.10.23"]
[Round "2.6"]
[White "Zajicek, Ferdinand"]
[Black "Kovarik, Oto"]
[Result "1-0"]
[WhiteElo "1749"]
[BlackElo "1803"]
[PlyCount "111"]
[EventDate "2016.??.??"]

1. e4 c5 2. Nf3 e6 3. Nc3 Nc6 4. Bc4 a6 5. a3 b5 6. d3 bxc4 7. dxc4 d6 8. Bg5
Be7 9. Qd2 Nf6 10. Rd1 O-O 11. O-O h6 12. Bxf6 Bxf6 13. Qxd6 Nd4 14. Qxc5 Nxf3+
15. gxf3 Qe7 16. Qxe7 Bxe7 17. Na4 Rb8 18. b4 Rd8 19. Rxd8+ Bxd8 20. Rd1 Bb7
21. Nc5 Be7 22. Nb3 Bc6 23. Na5 Be8 24. c5 Rc8 25. e5 Bd8 26. Nc4 Bc7 27. f4
Bc6 28. Nd6 Rd8 29. h4 a5 30. c3 Kf8 31. Rd4 Rb8 32. Kh2 f6 33. Kg3 Ke7 34. Kg4
g6 35. h5 g5 36. fxg5 fxg5 37. f4 gxf4 38. Kxf4 Rf8+ 39. Kg4 Bf3+ 40. Kh4 Bxd6
41. cxd6+ Kd7 42. c4 Rf5 43. c5 axb4 44. axb4 Rxe5 45. Rf4 Rf5 46. Kg3 Rxf4 47.
Kxf4 Bxh5 48. b5 Be8 49. Ke5 Kc8 50. c6 h5 51. Kxe6 h4 52. d7+ Bxd7+ 53. cxd7+
Kd8 54. b6 h3 55. b7 Kc7 56. d8=Q+ 1-0

[Event "SR 4. liga A21 2016/2017"]
[Site "?"]
[Date "2016.10.23"]
[Round "2.6"]
[White "Stasek, Daniel"]
[Black "Kastler, Peter"]
[Result "0-1"]
[WhiteElo "1642"]
[BlackElo "1734"]
[PlyCount "52"]
[EventDate "2016.??.??"]

1. e4 e6 2. d4 d5 3. Nd2 dxe4 4. Nxe4 Nd7 5. Nf3 Ngf6 6. Bd3 Be7 7. Nxf6+ Nxf6
8. O-O O-O 9. b3 b6 10. Bb2 Bb7 11. Qe2 c6 12. c4 Re8 13. Rfd1 Rc8 14. Rac1 Bd6
15. Ne5 Qe7 16. Bb1 c5 17. Ng4 Nxg4 18. Qxg4 g6 19. dxc5 Rxc5 20. g3 Rg5 21.
Qe2 h5 22. Bd4 h4 23. Be3 Re5 24. Qd2 Rxe3 25. Qxd6 Re1+ 26. Rxe1 Qxd6 0-1

[Event "SR 4. liga A21 2016/2017"]
[Site "?"]
[Date "2016.10.23"]
[Round "2.6"]
[White "Papanek, Lubomir"]
[Black "Stehlik, Jan"]
[Result "1-0"]
[WhiteElo "1659"]
[BlackElo "1631"]
[PlyCount "85"]
[EventDate "2016.??.??"]

1. e4 {0} e5 2. Nf3 Nc6 3. Bc4 Bc5 4. d3 h6 5. O-O Nf6 6. Nc3 d6 7. h3 O-O 8.
Na4 Bb6 9. c3 Be6 10. Bxe6 fxe6 11. Nxb6 axb6 12. b4 b5 13. Be3 d5 14. Qb3 Qe8
15. Nd2 d4 16. cxd4 exd4 17. Bf4 Qd7 18. Bh2 Kh8 19. f4 g6 20. a4 bxa4 21. Rxa4
Ne7 22. Rfa1 Rxa4 23. Rxa4 g5 24. fxg5 hxg5 25. Nf3 g4 26. hxg4 Nxg4 27. b5 c6
28. Rxd4 Qc8 29. Qb2 Kh7 30. e5 Rg8 31. Bf4 Nd5 32. Ng5+ Kg6 33. Qe2 Nh6 34.
Qe4+ Kh5 35. Bd2 Rxg5 36. Qh4+ Kg6 37. Qxg5+ Kf7 38. Qxh6 Ke8 39. Qh8+ Kd7 40.
Qg7+ Kd8 41. b6 c5 42. Rh4 Qc6 43. Rh8+ 1-0

[Event "SR 4. liga A21 2016/2017"]
[Site "?"]
[Date "2016.11.06"]
[Round "3.1"]
[White "Zlamal, Marek"]
[Black "Brunovsky, Peter"]
[Result "1/2-1/2"]
[WhiteElo "1766"]
[BlackElo "1799"]
[PlyCount "42"]
[EventDate "2016.??.??"]

1. d4 Nf6 2. e3 d5 3. c4 c6 4. Bd3 Bg4 5. f3 Bh5 6. Ne2 e6 7. c5 Nbd7 8. Bd2
Be7 9. O-O e5 10. Nbc3 exd4 11. exd4 O-O 12. Ng3 Bg6 13. Nf5 Re8 14. Nxe7+ Rxe7
15. Bxg6 hxg6 16. Bf4 Qa5 17. Qd2 Qa6 18. b4 Rae8 19. a4 Kh8 20. Bc7 Qc4 21. b5
Nxc5 1/2-1/2

[Event "SR 4. liga A21 2016/2017"]
[Site "?"]
[Date "2016.11.06"]
[Round "3.1"]
[White "Kocak, Branislav"]
[Black "Vach, Jozef"]
[Result "1/2-1/2"]
[WhiteElo "1889"]
[BlackElo "1702"]
[PlyCount "46"]
[EventDate "2016.??.??"]

1. d4 Nf6 2. Nf3 d5 3. c4 c6 4. e3 Bg4 5. Qb3 Qb6 6. Qxb6 axb6 7. Ne5 e6 8. Nc3
Nbd7 9. Nxg4 Nxg4 10. h3 Ngf6 11. cxd5 exd5 12. Bd3 Bd6 13. Bd2 O-O 14. O-O
Rfe8 15. Rfe1 b5 16. a3 Nb6 17. Rac1 Nc4 18. Bxc4 bxc4 19. Na2 Ne4 20. Bb4 Bxb4
21. Nxb4 Nd2 22. Rc2 Nb3 23. Rd1 Na5 1/2-1/2

[Event "SR 4. liga A21 2016/2017"]
[Site "?"]
[Date "2016.11.06"]
[Round "3.1"]
[White "Kovarik, Oto"]
[Black "Jozefovic, Milan"]
[Result "1/2-1/2"]
[WhiteElo "1793"]
[BlackElo "1844"]
[PlyCount "151"]
[EventDate "2016.??.??"]

1. e4 e5 2. Nf3 d6 3. d4 exd4 4. Nxd4 Nf6 5. Nc3 Be7 6. Be2 Bd7 7. O-O Nc6 8.
Be3 O-O 9. f4 Nxd4 10. Bxd4 Bc6 11. Bf3 Re8 12. Qd3 Bf8 13. Rae1 Qd7 14. Bxf6
gxf6 15. Nd5 Bg7 16. c4 Bxd5 17. cxd5 Re7 18. Re2 Rae8 19. Rfe1 a6 20. h3 Qa4
21. b3 Qb4 22. Rc1 Bh6 23. g3 Kh8 24. Rc4 Qb6+ 25. Kh2 Bg7 26. Rec2 Qa5 27. Qd2
Qb6 28. Bg2 Rc8 29. Qc1 Qa5 30. b4 Qb6 31. a4 a5 32. b5 Bh6 33. h4 f5 34. Bh3
Rg8 35. Bxf5 c5 36. bxc6 bxc6 37. Rxc6 Qa7 38. Rxd6 Bg7 39. Rdc6 Ree8 40. e5
Qd4 41. Rd2 Qe3 42. Rc3 Qb6 43. d6 Bf8 44. Rb2 Qd4 45. Rd3 Qxa4 46. d7 Rd8 47.
Qd1 Qc4 48. Qc2 Qxc2+ 49. Rxc2 Bb4 50. Rc8 Kg7 51. Rb3 h6 52. h5 Kh8 53. e6
fxe6 54. Bxe6 Rgf8 55. f5 Kg7 56. Rxd8 Rxd8 57. Rd3 Kf6 58. g4 Kg5 59. Kh3 Be7
60. Bf7 a4 61. Be8 a3 62. Rd2 Rb8 63. Bf7 Kf6 64. Be6 Ra8 65. Ba2 Rb8 66. Re2
Rb2 67. Rxb2 axb2 68. Kg3 Kg5 69. Bb1 Bd8 70. Be4 Bf6 71. Kf3 Bd8 72. Bb1 Bf6
73. Bd3 Bd8 74. Kg3 Bf6 75. Kf3 Bd8 76. Bb1 1/2-1/2

[Event "SR 4. liga A21 2016/2017"]
[Site "?"]
[Date "2016.11.06"]
[Round "3.1"]
[White "Kanka, Tomas"]
[Black "Stehlik, Jan"]
[Result "1-0"]
[WhiteElo "1697"]
[BlackElo "1626"]
[PlyCount "85"]
[EventDate "2016.??.??"]

1. e4 e5 2. Nf3 Nc6 3. Bc4 Bc5 4. b4 Bxb4 5. c3 Ba5 6. d4 exd4 7. O-O dxc3 8.
Qb3 Qe7 9. Bg5 Nf6 10. Nxc3 Bxc3 11. Qxc3 d6 12. Rfe1 Ne5 13. Nd4 Nxc4 14. Qxc4
O-O 15. f4 c5 16. Nf3 Qe6 17. Qc2 h6 18. Bh4 Nh7 19. Rad1 b6 20. f5 Qd7 21. Ne5
Qc7 22. Nc4 f6 23. Bg3 Re8 24. Nxd6 Re7 25. Qc4+ Kf8 26. Nb5 Qc6 27. Bd6 Ba6
28. a4 Bxb5 29. axb5 Qb7 30. Qd5 Qc8 31. h4 Ke8 32. Qg8+ Nf8 33. Bxe7 Kxe7 34.
Qxg7+ Ke8 35. Qxf6 Qc7 36. e5 Rd8 37. e6 Qe7 38. Rxd8+ Kxd8 39. Qh8 c4 40. f6
Qc5+ 41. Kh1 Ke8 42. e7 Kd7 43. e8=Q+ 1-0

[Event "SR 4. liga A21 2016/2017"]
[Site "?"]
[Date "2016.11.06"]
[Round "3.1"]
[White "Svrcek, Daniel"]
[Black "Ralbovsky, Milan"]
[Result "0-1"]
[WhiteElo "1312"]
[BlackElo "1000"]
[PlyCount "84"]
[EventDate "2016.??.??"]

1. d4 d5 2. c4 e5 3. dxe5 Bb4+ 4. Bd2 Bxd2+ 5. Qxd2 d4 6. Nf3 c5 7. g3 Nc6 8.
Bg2 Bf5 9. O-O h6 10. e3 d3 11. Nc3 Nge7 12. e4 Bg4 13. Nd5 Bxf3 14. Bxf3 Nxe5
15. Qd1 N7c6 16. b3 Nd4 17. Bg2 d2 18. f4 Nec6 19. Qxd2 Nb4 20. Nxb4 Nf3+ 21.
Bxf3 Qxd2 22. Nd5 Rc8 23. Bg4 Rc6 24. Rfd1 Qa5 25. e5 h5 26. Nf6+ gxf6 27. Bd7+
Kf8 28. Bxc6 bxc6 29. exf6 Rh6 30. Rd6 Kg8 31. Rxc6 Qc3 32. Rc8+ Kh7 33. Rd1
Rxf6 34. Rcd8 Qc2 35. R8d5 Re6 36. Rxh5+ Rh6 37. Rxh6+ Kxh6 38. Rf1 Qxa2 39. g4
Qxb3 40. g5+ Kg6 41. Kg2 Qxc4 42. Kg3 Qxf1 0-1

[Event "SR 4. liga A21 2016/2017"]
[Site "?"]
[Date "2016.11.06"]
[Round "3.2"]
[White "Klimes, Karel"]
[Black "Pribila, Gerhard"]
[Result "0-1"]
[WhiteElo "1634"]
[BlackElo "2115"]
[PlyCount "140"]
[EventDate "2016.??.??"]

1. e4 c5 2. Nf3 e6 3. d4 cxd4 4. Nxd4 a6 5. Be2 Nf6 6. Nc3 Qc7 7. O-O b5 8. a3
Be7 9. Bd3 Bb7 10. Bg5 O-O 11. Qe2 d6 12. Bh4 Nbd7 13. Nf3 Rfe8 14. Rfe1 Nc5
15. e5 dxe5 16. Nxe5 Nxd3 17. Nxd3 Qc6 18. f3 Nd5 19. Nxd5 Bxh4 20. N5b4 Qb6+
21. Qe3 Qxe3+ 22. Rxe3 Rac8 23. c3 Bd8 24. Kf1 Bb6 25. Re2 Rcd8 26. Rd1 a5 27.
Nc2 Re7 28. Nf2 Rxd1+ 29. Nxd1 Rd7 30. Ke1 Bc7 31. h3 Kf8 32. Rd2 Bg3+ 33. Ke2
Bd5 34. Nde3 Bf4 35. Kf2 Bc6 36. Rxd7 Bxd7 37. Ke2 Ke7 38. Kd3 Kd6 39. Na1 Kc5
40. Nb3+ Kb6 41. Nd4 g6 42. Ke4 Bd6 43. Kd3 e5 44. Nd5+ Kc5 45. Nf6 Bc8 46.
Nb3+ Kb6 47. Nd2 h5 48. Nfe4 Be7 49. Nf1 f5 50. Ned2 Be6 51. Ne3 Kc5 52. b4+
Kd6 53. Nc2 axb4 54. axb4 Kc6 55. c4 e4+ 56. fxe4 fxe4+ 57. Nxe4 bxc4+ 58. Kc3
Kd5 59. Nf2 Bf6+ 60. Kd2 c3+ 61. Kd1 Kc4 62. Ne4 Be7 63. b5 Bd7 64. b6 Bc6 65.
Nxc3 Kxc3 66. Ne1 Bc5 67. g4 hxg4 68. hxg4 Bxb6 69. Ke2 Kd4 70. Nf3+ Bxf3+ 0-1

[Event "SR 4. liga A21 2016/2017"]
[Site "?"]
[Date "2016.11.06"]
[Round "3.2"]
[White "Kubis, Ivan"]
[Black "Valigursky, Michal"]
[Result "1-0"]
[WhiteElo "1945"]
[BlackElo "1600"]
[PlyCount "65"]
[EventDate "2016.??.??"]

1. e4 e5 2. Nf3 Nc6 3. Bb5 a6 4. Ba4 Nf6 5. O-O b5 6. Bb3 d6 7. c3 Na5 8. Bc2
c5 9. h3 Be7 10. a4 Bb7 11. Re1 Qc7 12. d3 O-O 13. Nbd2 b4 14. Nf1 Nd7 15. Ng3
d5 16. Bd2 d4 17. Nf5 Rfe8 18. Nxe7+ Rxe7 19. cxb4 Nc6 20. bxc5 Nxc5 21. b4 Nd7
22. Bb3 Qd6 23. Rb1 Rc8 24. Ba2 Na7 25. Qb3 Bc6 26. Rec1 Bb7 27. Rxc8+ Bxc8 28.
Rc1 Bb7 29. b5 Nc5 30. Qb4 Rc7 31. b6 a5 32. Qxa5 Nxd3 33. Rxc7 1-0

[Event "SR 4. liga A21 2016/2017"]
[Site "?"]
[Date "2016.11.06"]
[Round "3.2"]
[White "Wallner, Juraj"]
[Black "Valla, Tomas"]
[Result "1/2-1/2"]
[WhiteElo "1550"]
[BlackElo "1846"]
[PlyCount "71"]
[EventDate "2016.??.??"]

1. e4 c5 2. Nf3 g6 3. d4 cxd4 4. Nxd4 Bg7 5. Be3 Nc6 6. Bc4 Nf6 7. Nc3 Nxe4 8.
Nxe4 d5 9. Bb5 dxe4 10. Nxc6 bxc6 11. Bxc6+ Bd7 12. Bxa8 Qxa8 13. Bd4 e5 14.
Bc3 Qc6 15. O-O O-O 16. Qe2 Be6 17. Qe3 a6 18. Qg3 Qc5 19. a3 f5 20. Bb4 Qc8
21. Bxf8 Qxf8 22. Qc3 f4 23. Rad1 f3 24. gxf3 exf3 25. Qb4 Qf6 26. Kh1 h5 27.
Qb6 Qf5 28. Qxa6 e4 29. Rd6 Qh3 30. Rg1 Be5 31. Rd8+ Kh7 32. Qb7+ Kh6 33. Rxg6+
Kxg6 34. Qxe4+ Bf5 35. Qc6+ Be6 36. Qe4+ 1/2-1/2

[Event "SR 4. liga A21 2016/2017"]
[Site "?"]
[Date "2016.11.06"]
[Round "3.2"]
[White "Zajicek, Ferdinand"]
[Black "Tomasovic, Roman"]
[Result "1-0"]
[WhiteElo "1760"]
[BlackElo "1562"]
[PlyCount "109"]
[EventDate "2016.??.??"]

1. e4 e5 2. Nf3 Nc6 3. Bc4 Bc5 4. d3 h6 5. a3 a6 6. Be3 Ba7 7. O-O d6 8. h3 Nf6
9. Nc3 O-O 10. Ne2 Be6 11. Ba2 Bxa2 12. Rxa2 Qd7 13. Ng3 Ne7 14. Qd2 Bxe3 15.
fxe3 Nh7 16. Nh4 g6 17. Rf2 d5 18. Ra1 dxe4 19. Nxe4 f5 20. Ng3 Rf6 21. Raf1
Raf8 22. Qb4 b6 23. Qc4+ Kg7 24. Qxa6 Ng5 25. Nf3 Nxf3+ 26. Rxf3 Qc6 27. Qc4 h5
28. Qxc6 Rxc6 29. c4 Rd8 30. e4 f4 31. Ne2 g5 32. g4 hxg4 33. hxg4 Ng6 34. b3
Nh4 35. Rh3 Rf6 36. Rd1 c5 37. Nc3 Rfd6 38. Nd5 Kf7 39. Rb1 Ra8 40. a4 Rad8 41.
Kf2 R8d7 42. b4 Ra7 43. Ra1 Ke6 44. Rhh1 Rg7 45. bxc5 bxc5 46. Rhb1 Ng6 47. a5
Ra7 48. Rb6 Ne7 49. Rxd6+ Kxd6 50. a6 Nc6 51. Nc3 Ra8 52. Nb5+ Kd7 53. a7 Kc8
54. Rh1 Nxa7 55. Rh8+ 1-0

[Event "SR 4. liga A21 2016/2017"]
[Site "?"]
[Date "2016.11.06"]
[Round "3.2"]
[White "Vozarova, Adriana"]
[Black "Kastler, Peter"]
[Result "1/2-1/2"]
[WhiteElo "1459"]
[BlackElo "1747"]
[PlyCount "87"]
[EventDate "2016.??.??"]

1. e4 e6 2. d4 d5 3. Nd2 dxe4 4. Nxe4 Nd7 5. Nf3 Ngf6 6. Ng3 Be7 7. Bd3 O-O 8.
O-O b6 9. Re1 Bb7 10. b3 Rc8 11. Bb2 c5 12. c4 cxd4 13. Nxd4 Nc5 14. Bc2 Rc7
15. Qe2 Rd7 16. Rad1 Qc7 17. Rd2 Rfd8 18. Red1 Qf4 19. Qe3 Qxe3 20. fxe3 Ng4
21. Nf1 Bg5 22. Re2 e5 23. Bf5 Nxe3 24. Nxe3 Bxe3+ 25. Rxe3 exd4 26. Rg3 Rd6
27. Re1 g6 28. Bb1 f5 29. Bxf5 Kf7 30. Bb1 Rf6 31. Rg4 Rfd6 32. Rf4+ Kg8 33.
Re7 Re6 34. Rxe6 Nxe6 35. Rf2 Nc5 36. Rd2 d3 37. b4 Na4 38. Bf6 Rd6 39. Be5 Re6
40. Bg3 Re2 41. Rxd3 Rxg2+ 42. Kf1 Rb2 43. Rd8+ Kf7 44. Rd7+ 1/2-1/2

[Event "SR 4. liga A21 2016/2017"]
[Site "?"]
[Date "2016.11.06"]
[Round "3.3"]
[White "Lajda, Dusan"]
[Black "Ganzova, Veronika"]
[Result "1/2-1/2"]
[WhiteElo "1778"]
[BlackElo "1674"]
[PlyCount "57"]
[EventDate "2016.??.??"]

1. e4 e5 2. Nf3 Nc6 3. Bc4 Bc5 4. b4 Bb6 5. c3 d6 6. Qb3 Qe7 7. d3 Nf6 8. Bg5
O-O 9. Nbd2 a6 10. O-O Be6 11. Bxe6 Qxe6 12. Qxe6 fxe6 13. Nc4 Ba7 14. a4 b5
15. axb5 axb5 16. Na3 Rab8 17. Nc2 Nh5 18. Be3 Bxe3 19. fxe3 Ra8 20. Ng5 Rxf1+
21. Rxf1 Nd8 22. Ra1 Rxa1+ 23. Nxa1 h6 24. Nf3 Nf6 25. Nc2 Kf7 26. h3 Nd7 27.
Kf2 Nb6 28. Ke2 Kf6 29. Na3 1/2-1/2

[Event "SR 4. liga A21 2016/2017"]
[Site "?"]
[Date "2016.11.06"]
[Round "3.3"]
[White "Sottnik, Filip"]
[Black "Orvisky, Vladimir"]
[Result "1-0"]
[WhiteElo "1692"]
[BlackElo "1751"]
[PlyCount "113"]
[EventDate "2016.??.??"]

1. e4 Nf6 2. Nc3 e5 3. Nf3 d6 4. h3 c6 5. d3 Be7 6. Be3 Nbd7 7. Be2 h6 8. Qd2
b5 9. a3 a5 10. O-O O-O 11. b4 Re8 12. Na2 Bb7 13. Rfc1 d5 14. exd5 Nxd5 15. c4
Nxe3 16. fxe3 Bf6 17. e4 axb4 18. Qxb4 Be7 19. Qb2 Bxa3 20. Qc3 Bxc1 21. Nxc1
Qe7 22. Rb1 Ra3 23. Qd2 Rea8 24. Kh2 Ra1 25. Rb2 Ba6 26. Na2 bxc4 27. dxc4 Nc5
28. Qc2 Qf6 29. Nc3 Qf4+ 30. g3 Qc1 31. Qxc1 Rxc1 32. Na2 Ra1 33. Nxe5 Re8 34.
Nxc6 Rxe4 35. Nc3 Re8 36. Nd4 Ra3 37. Ncb5 Ree3 38. Nf5 Reb3 39. Rc2 Ne4 40.
Nxa3 Rxa3 41. g4 Bc8 42. Ne7+ Kf8 43. Nxc8 Ra8 44. Bf3 Rxc8 45. Bxe4 Ke7 46. c5
Kd8 47. Kg3 g5 48. c6 Kc7 49. Kf3 Ra8 50. Rc3 f6 51. Rb3 Ra1 52. Rb7+ Kd6 53.
Rd7+ Ke5 54. c7 Rc1 55. Bf5 Rc3+ 56. Ke2 Rc5 57. Rh7 1-0

[Event "SR 4. liga A21 2016/2017"]
[Site "?"]
[Date "2016.11.06"]
[Round "3.3"]
[White "Krchnak, Rudolf"]
[Black "Dzurjaninova, Hana"]
[Result "0-1"]
[WhiteElo "1705"]
[BlackElo "1652"]
[PlyCount "64"]
[EventDate "2016.??.??"]

1. d4 d5 2. Nc3 Nf6 3. Bg5 Nbd7 4. Nf3 g6 5. e3 Bg7 6. Bd3 c6 7. Qe2 Qb6 8. Rb1
Nf8 9. O-O Ne6 10. b4 Bd7 11. Na4 Qc7 12. Nc5 Nxg5 13. Nxg5 O-O 14. Nxd7 Nxd7
15. c4 Nb6 16. c5 Nd7 17. f4 e6 18. a4 b6 19. Rb3 Rfb8 20. Rfb1 bxc5 21. bxc5
Rxb3 22. Rxb3 Rb8 23. Qb2 Rxb3 24. Qxb3 Qa5 25. Kf2 Nf6 26. h3 Qd2+ 27. Be2 h6
28. Qb8+ Bf8 29. Nxf7 Ne4+ 30. Kf3 Kxf7 31. Qxa7+ Be7 32. Qa6 Qe1 0-1

[Event "SR 4. liga A21 2016/2017"]
[Site "?"]
[Date "2016.11.06"]
[Round "3.3"]
[White "Ganz, Tomas"]
[Black "Jancovicova, Petra"]
[Result "1/2-1/2"]
[WhiteElo "1329"]
[BlackElo "1666"]
[PlyCount "74"]
[EventDate "2016.??.??"]

1. e4 e5 2. Nf3 Nc6 3. Bc4 Nf6 4. Nc3 Nxe4 5. Nxe4 d5 6. Bxd5 Qxd5 7. d3 Bg4 8.
Bg5 Nd4 9. Ned2 Nxf3+ 10. Nxf3 Bxf3 11. Qxf3 Qxf3 12. gxf3 Be7 13. Bxe7 Kxe7
14. O-O-O Rad8 15. Rde1 f6 16. f4 Kd6 17. fxe5+ fxe5 18. Rhg1 g6 19. Rg4 Rd7
20. d4 Re7 21. c4 c5 22. d5 Rf8 23. Re2 Rf4 24. Rxf4 exf4 25. Rxe7 Kxe7 26. Kd2
Kd6 27. Ke2 b5 28. b3 a5 29. a4 bxc4 30. bxc4 h5 31. Kf3 Ke5 32. Kg2 g5 33. Kf3
g4+ 34. Kg2 Kd6 35. h3 Ke5 36. Kf1 Kd6 37. Ke2 Ke5 1/2-1/2